Statistics for AFL Carlton Team of the Century

Click here to take the quiz!

General Stats

  • This quiz has been taken 79 times
  • The average score is 9 of 23

Answer Stats

PositionPlayer Name% Correct
FBStephen Silvagni
98%
RRSerge Silvagni
97%
RHBBruce Doull
76%
CHFStephen Kernahan
74%
CGreg Williams
72%
RJohn Nicholls
66%
RHFAlex Jesaulenko
62%
RWCraig Bradley
47%
INTRobert Walls
43%
COACHDavid Parkin
41%
LHBJohn James
26%
RBPGeoff Southby
24%
LHFWayne Johnston
21%
INTKen Hunter
19%
INTMike Fitzpatrick
19%
FFHarry Vallence
16%
RFPRod Ashman
16%
CHFBert Deacon
14%
RMAdrian Gallagher
7%
LWGarry Crane
7%
INTTrevor Keogh
7%
LBPBruce Comben
5%
LFPKen Hands
5%

Score Distribution

Percentile by Number Answered

Percent of People with Each Score

Your Score History

You have not taken this quiz